| 000 | 01325nam0a2200337 i 4500 | ||
|---|---|---|---|
| 001 | RU\NLR\BIBL_A\011197743 | ||
| 005 | 20260409070451.0 | ||
| 010 |
_a9785360072461 _9700 |
||
| 021 |
_aRU _b2016-60463 _93838 |
||
| 035 | _a(NILC)RuMoRGB-008568031 | ||
| 035 | _a(NLR Aleph) 011197743 | ||
| 090 |
_a11902425 _c11902425 |
||
| 100 | _a20160818d2016 u y0rusy50 ca | ||
| 101 | 0 | _arus | |
| 102 | _aRU | ||
| 105 | _ay|||z|||000yy | ||
| 200 | 1 |
_aГеография. Формирование универсальных учебных действий _e5-9 классы _eметодическое пособие _fЕ.А. Беловолова |
|
| 210 |
_aМосква _cВентана-Граф _d2016 |
||
| 215 |
_a222 с. _d20 |
||
| 225 | 1 | _aФГОС | |
| 225 | 1 | _aАлгоритм успеха | |
| 517 | 1 | _aФормирование универсальных учебных действий | |
| 606 |
_aГеография _xПреподавание _xСредняя школа _jМетодические пособия _3RU\NLR\AUTH\66263848 _91377125 |
||
| 675 | _a373 | ||
| 686 | 1 | _aЧ426.43я8 | |
| 700 | 1 |
_aБеловолова _bЕ. А. _gЕлена Александровна |
|
| 801 | 0 |
_aRU _bРГБ _c20160803 _gRCR |
|
| 942 | _cBOOK | ||
| 980 | _aNBR | ||